| 000 | 00431 a2200145 4500 | ||
|---|---|---|---|
| 005 | 20260223124109.0 | ||
| 008 | 260223b |||||||| |||| 00| 0 eng d | ||
| 020 | _a9783030905378 | ||
| 082 | _a720.28/ROU | ||
| 100 |
_aRoussel N _9216780 |
||
| 245 | _aDigital Fabrication With Cement Based materials:State Of the Art Report Of The Rilemtc 276 DFC | ||
| 260 |
_bSpringer _c2022 _aSwitzerland |
||
| 300 |
_a222P _bPB |
||
| 942 | _cRF | ||
| 999 |
_c370504 _d370504 |
||